خد ا بخش کے ا حبا ب و معا صر ين (Record no. 92428)

MARC details
000 -LEADER
fixed length control field 00728nam a22002177a 4500
005 - DATE AND TIME OF LATEST TRANSACTION
control field 20150324113328.0
008 - FIXED-LENGTH DATA ELEMENTS--GENERAL INFORMATION
fixed length control field 140714b xxu||||| |||| 00| 0 Urdu d
010 ## - LCCN (DPL NO)
LC control number UR-8776
020 q# - INTERNATIONAL STANDARD BOOK NUMBER
Terms of availability 114.00
035 ## - SYSTEM CONTROL NUMBER
System control number U-7331
037 ## - SOURCE OF ACQUISITION
Source of stock number/acquisition DBAD/Pub.
040 ## - CATALOGING SOURCE
Original cataloging agency DPL
Language of cataloging Urdu
082 ## - DEWEY DECIMAL CLASSIFICATION NUMBER
Classification number 840.92
100 ## - MAIN ENTRY--PERSONAL NAME
Personal name محمد بد ر ا لد ين فر يد ی
245 ## - TITLE STATEMENT
Title خد ا بخش کے ا حبا ب و معا صر ين
Remainder of title محمد بد ر ا لد ين فر يد ی
246 ## - VARYING FORM OF TITLE
Title proper/short title Khuda Bakhsh ke Ahbab -wa- Muasireen
Remainder of title By Mohd .Badaruddin Faridii
260 ## - PUBLICATION, DISTRIBUTION, ETC. (IMPRINT)
Place of publication, distribution, etc Patna-4
Name of publisher, distributor, etc Mohd .Badaruddin Faridii
Date of publication, distribution, etc 2012
270 ## - ADDRESS
Address Khuda Bakhsh Library,
300 ## - PHYSICAL DESCRIPTION
Extent 200ص
Other physical details 22C.m.(PB)
942 ## - ADDED ENTRY ELEMENTS (KOHA)
Source of classification or shelving scheme Dewey Decimal Classification
Item type Urdu Bks
Classification part 840.92
Call number suffix م ح م
Holdings
Withdrawn status Lost status Source of classification or shelving scheme Damaged status Not for loan Collection code Home library Current library Date acquired Source of acquisition Cost, normal purchase price Total Checkouts Full call number Barcode Date last seen Copy number Cost, replacement price Koha item type
    Dewey Decimal Classification   Not For Loan Non-fiction D.B.Act.Division D.B.Act.Division 24/03/2015 DBAD/Pub. 114.00   840.92 م ح م U-7331 24/03/2015 1 114.00 Urdu Bks

© Delhi Public Library
Hit Counter
free hit counter